|
|
|
|
| LEADER |
00863nam a22002297a 4500 |
| 001 |
AAL8166 |
| 003 |
BD-DhAAL |
| 005 |
20160712121641.0 |
| 008 |
160712s 2014bg ||||| |||| 00| 0 ben d |
| 020 |
|
|
|a 9789848796795
|
| 040 |
|
|
|a BD-DhAAL
|c BD-DhAAL
|
| 082 |
|
|
|a 306.8743
|
| 100 |
|
|
|a বসু, পূরবী
|9 19827
|
| 245 |
|
|
|a নারী মাতৃত্ব ও সৃজনশীলতা /
|c পূরবী বসু
|
| 260 |
|
|
|a ঢাকা :
|b অবসর প্রকাশন,
|c ২০১৪
|
| 300 |
|
|
|a ৯৪ পৃ. ;
|c ২২ সে.মি.
|
| 541 |
|
|
|e 8166
|
| 650 |
|
|
|a Motherhood
|9 19828
|
| 852 |
|
|
|a Savar Campus Library
|c General Shelf
|
| 942 |
|
|
|2 ddc
|c BK
|
| 999 |
|
|
|c 37651
|d 37651
|
| 952 |
|
|
|0 0
|1 0
|2 ddc
|4 0
|6 306_874300000000000_BAS
|7 0
|9 59220
|a SCL
|b SCL
|c GEN
|d 2016-07-12
|g 150.00
|l 0
|o 306.8743 BAS
|p 3020008166
|r 2016-07-12
|t 1
|w 2016-07-12
|y BK
|